| 000 | 01133cam a22002894a 4500 | ||
|---|---|---|---|
| 001 | 14983609 | ||
| 005 | 20071005130835.0 | ||
| 008 | 070828s2009 maua |rb 001 0 eng | ||
| 020 | _a1597492728 | ||
| 020 | _a9781597492720 | ||
| 040 |
_aDLC _cDLC _dDLC |
||
| 050 | 0 | 0 |
_aTK7882.P3 _bT46 2006 |
| 082 |
_222 _a006.4 _bTHE |
||
| 100 | 1 |
_aTheodoridis, Sergios, _d1951- _923310 |
|
| 245 | 1 | 0 |
_aPattern Recognition / _cSergios Theodoridis, Konstantinos Koutroumbas. |
| 250 | _a4th ed. | ||
| 260 |
_aBurlington, MA. : _bAcademic Press, 2009 _c2009 |
||
| 300 |
_axvii, 961 p. : _bill. ; _c24 cm. |
||
| 504 | _aIncludes bibliographical references and index | ||
| 650 | 0 |
_aPattern recognition systems. _923311 |
|
| 653 |
_bCS _cApril2011 |
||
| 700 | 1 |
_aKoutroumbas, Konstantinos, _d1967- _923312 |
|
| 856 | 4 | 2 |
_3Publisher description _uhttp://www.loc.gov/catdir/enhancements/fy0742/2007279784-d.html |
| 942 |
_2ddc _cBB |
||
| 999 |
_c15173 _d15173 |
||